| 000 | 01059cam a2200265 i 4500 | ||
|---|---|---|---|
| 003 | SA-RiAUC | ||
| 005 | 20241106134152.0 | ||
| 008 | 241028s1983 su f b 00010 ara c | ||
| 040 |
_aSA-RiAUC _bara _cSA-RiAUC _erda |
||
| 082 | 0 | 4 |
_a243 _qSA-RiAUC |
| 090 |
_a243 _b س ا م |
||
| 100 | 1 |
_aالسامرائي، نعمان عبد الرزاق، _d1935- _eمؤلف. |
|
| 245 | 1 | 0 |
_aتصرفات المريض : _bمرض الموت في الشريعة والقانون / _cتأليف نعمان عبد الررازق السامرائي. |
| 250 | _aالطبعة الأولى. | ||
| 264 | 1 |
_aالرياض : _bدارالعلوم، _c1983 |
|
| 300 |
_a367 صفحة ؛ _c23 سم |
||
| 336 |
_aنص _btxt _2rdacontent _3كتاب |
||
| 337 |
_aبدون وسيط _bn _2rdamedia |
||
| 338 |
_aمجلد _bnc _2rdacarrier |
||
| 504 | _aببليوجرافية : صفحة 353-360. | ||
| 650 | 7 |
_aالأهلية (فقه إسلامي) _2aucsh |
|
| 650 | 7 |
_aالأهلية (قانون مدني) _2aucsh |
|
| 942 |
_2ddc _cBOOK _n0 |
||
| 949 |
_aSA-JeALM _d241028 _umohamedma123 _n1 |
||
| 999 |
_c2114 _d2114 |
||